Exodus Refugees and the displaced: people of Central America /
Guardado en:
| Autor principal: | |
|---|---|
| Formato: | Texto |
| Materias: | |
| Etiquetas: |
Agregar Etiqueta
Sin Etiquetas, Sea el primero en etiquetar este registro!
|
MARC
| LEADER | 00000 a a2200000 04500 | ||
|---|---|---|---|
| 001 | 2682 | ||
| 003 | |||
| 040 | |||
| 100 | |a Anonimo | ||
| 245 | |a Exodus Refugees and the displaced: |b people of Central America / |c Anonimo | ||
| 650 | |a REFUGIADOS | ||
| 650 | |a PERSONAS DESPLAZADAS | ||
| 650 | |a MIGRACION FORZADA | ||
| 650 | |a GUERRA | ||
| 650 | |a AMERICA CENTRAL | ||
| 650 | |a REFUGIADOS | ||
| 650 | |a PERSONAS DESPLAZADAS | ||
| 773 | |g número 36; páginas 6-7 | ||
| 999 | |c 24875 |d 24875 | ||
